LEADER 00827nam0-22003131i-450- 001 990000140860403321 005 20040114143422.0 010 $a88-08-03488-7 035 $a000014086 035 $aFED01000014086 035 $a(Aleph)000014086FED01 035 $a000014086 100 $a20020821d1984----km-y0itay50------ba 101 0 $aita 102 $aIT 105 $aa---a---001yy 200 1 $aElettrodinamica classica$fJohn D. Jackson 210 $aBologna$cZanichelli$d1984 215 $aXVII, 771 p.$cill.$d24 cm 610 0 $aElettrodinamica 676 $a537.6 700 1$aJackson,$bJohn David$01072 801 0$aIT$bUNINA$gRICA$2UNIMARC 901 $aBK 912 $a990000140860403321 952 $a13 N 31 30$b10235$fFINBC 959 $aFINBC 996 $aClassical electrodynamics$920386 997 $aUNINA LEADER 03328nam0 2200709 i 450 001 CFI0429461 005 20251003044141.0 010 $a8881147971 020 $aIT$b99-6672 100 $a20020618d1998 ||||0itac50 ba 101 | $aita 102 $ait 181 1$6z01$ai $bxxxe 182 1$6z01$an 200 1 $aˆL'‰altra Europa$el'Europa centrale e i Balcani verso l'Unione europea$fB. Andreatta ... [et al.]$ga cura di Rade Petrovi? e Francesco Russo 210 $aNapoli [etc.]$cEdizioni scientifiche italiane$d[1998] 215 $a251 p.$d24 cm 225 | $aGlobo$v2 300 $aPubbl. in occasione di un convegno tenuto a Trieste nel 1997. 410 0$1001UBO0278858$12001 $aGlobo$v2 606 $aComunità europea$xPolitica regionale$2FIR$3CFIC095269$9I 606 $aEuropa centro-orientale$xPolitica$x1989-1997$2FIR$3CFIC105638$9I 606 $aPaesi balcanici$xPolitica$x1989-1997$2FIR$3CFIC105639$9I 606 $aComunità europea$xPolitica regionale$2FIR$3CFIC095269$9I 606 $aEuropa centro-orientale$xPolitica$x1989-1997$2FIR$3CFIC105638$9I 606 $aPaesi balcanici$xPolitica$x1989-1997$2FIR$3CFIC105639$9I 676 $a943.0009049$9STORIA DELL'EUROPA CENTRALE. 1900-1999$v20 676 $a943.0009049$9STORIA. EUROPA CENTRALE GERMANIA. 1990-1999$v23 686 $a5171.2$cEUROPA UNITA CEE 1989-2001$2R 686 $aX00.0/EO$cSTORIA DELL'EUROPA ORIENTALE$2R 696 $aVita politica$aAttività politica$aAspetti politici 696 $aVita politica$aAttività politica$aAspetti politici$aStati balcanici 696 $aVita politica$aAttività politica$aAspetti politici 696 $aVita politica$aAttività politica$aAspetti politici$aStati balcanici 699 $aPolitica$zVita politica 699 $aPolitica$zAttività politica 699 $aPolitica$zAspetti politici 699 $aPolitica$zVita politica 699 $aPolitica$zAttività politica 699 $aPolitica$zAspetti politici 699 $aPaesi balcanici$yStati balcanici 699 $aPolitica$zVita politica 699 $aPolitica$zAttività politica 699 $aPolitica$zAspetti politici 699 $aPolitica$zVita politica 699 $aPolitica$zAttività politica 699 $aPolitica$zAspetti politici 699 $aPaesi balcanici$yStati balcanici 702 1$aAndreatta$b, Nino$3CFIV048627 702 1$aRusso$b, Francesco$f <1969- >$3CFIV195076 702 1$aPetrovi?$b, Rade$3LO1V153369 790 1$aAndreatta$b, Beniamino$3SBNV010860$zAndreatta, Nino 801 3$aIT$bIT-000000$c20020618 850 $aIT-BN0095 $aIT-NA0299 $aIT-NA0079 901 $bNAP BN$cMAGAZZINO $nmagazzini correnti divisi per anni 901 $bNAP 01$cPOZZO LIB.$nVi sono collocati fondi di economia, periodici di ingegneria e scienze, periodici di economia e statistica e altri fondi comprendenti documenti di economia pervenuti in dono. 901 $bNAP AG$cII $n$ 912 $aCFI0429461 950 0$aBiblioteca Centralizzata di Ateneo$c1 v.$d 01POZZO LIB.ECON MON 7134$e 0101 0700249995E VMA 1 v. (Precedente collocazione 24 Ec 999)$fB $h20220729$i20220729 977 $a 01$a AG$a BN 996 $aAltra Europa$962623 997 $aUNISANNIO LEADER 03396nam 22006255 450 001 9910847581103321 005 20251204104519.0 010 $a3-658-44235-2 024 7 $a10.1007/978-3-658-44235-4 035 $a(CKB)31403592100041 035 $a(MiAaPQ)EBC31260981 035 $a(Au-PeEL)EBL31260981 035 $a(DE-He213)978-3-658-44235-4 035 $a(EXLCZ)9931403592100041 100 $a20240408d2024 u| 0 101 0 $aeng 135 $aur||||||||||| 181 $ctxt$2rdacontent 182 $cc$2rdamedia 183 $acr$2rdacarrier 200 10$aBuilding Bridges Starts in the Mind $eEngineering - More than Technical Solutions /$fby Moritz Menge 205 $a1st ed. 2024. 210 1$aWiesbaden :$cSpringer Fachmedien Wiesbaden :$cImprint: Springer,$d2024. 215 $a1 online resource (194 pages) 311 08$a3-658-44234-4 320 $aIncludes bibliographical references. 327 $aBeing an engineer with composure -- Engineers and their responsibility -- Engineers and their drawer -- Engineers in the change of digitalisation -- Everyday professional life -- Engineers in construction and planning projects -- Engineers as managers -- Engineers and their error management -- Statics is not compatible with hecticness -- "Psyche" of statics -- Civil engineers too small in climate change -- Engineers and politicians -- Engineers and lawyers in the construction and planning process -- Engineers and sales -- Engineers and (their) children. 330 $aCivil engineering is a rewarding field. Engineers design sustainable structures like houses, roads and bridges. We use our skills for robust solutions and go beyond mere technicality. The book explores civil engineers' broader environment and their profession from many angles. 'Building bridges starts in the mind' involves seeking connections to a holistic view of engineering. Being an engineer means more than just applying technology if you bridge effectively to the engineer?s environment. The author: Dipl.-Ing. Moritz Menge, born in Bonn in 1975, studied civil engineering at RWTH Aachen University and has since worked as a structural engineer, project manager and team leader in structural engineering for bridges, tunnels and buildings. He regularly publishes articles from these projects in the relevant specialist journals. The translation was done with the help of artificial intelligence. A subsequent human revision was done primarily in terms of content. 606 $aEngineering 606 $aCivil engineering 606 $aArchitecture$xHistory 606 $aArchitecture 606 $aBuildings 606 $aTechnology and Engineering 606 $aCivil Engineering 606 $aArchitectural History and Theory 606 $aBuilding Types and Functions 615 0$aEngineering. 615 0$aCivil engineering. 615 0$aArchitecture$xHistory. 615 0$aArchitecture. 615 0$aBuildings. 615 14$aTechnology and Engineering. 615 24$aCivil Engineering. 615 24$aArchitectural History and Theory. 615 24$aBuilding Types and Functions. 676 $a060 700 $aMenge$b Moritz$01736286 801 0$bMiAaPQ 801 1$bMiAaPQ 801 2$bMiAaPQ 906 $aBOOK 912 $a9910847581103321 996 $aBuilding Bridges Starts in the Mind$94156150 997 $aUNINA